LEADER 01876nas 2200529-a 450 001 9910146968603321 005 20240413024501.0 011 $a1981-5344 035 $a(CKB)111035569370042 035 $a(CONSER)---98648980- 035 $a(DE-599)ZDB2240861-7 035 $a(EXLCZ)99111035569370042 100 $a19980612a19969999 --- - 101 0 $apor 181 $ctxt$2rdacontent 182 $cc$2rdamedia 183 $acr$2rdacarrier 200 00$aPerspectivas em ciência da informação /$fEscola de Biblioteconomia da UFMG 210 $aBelo Horizonte $cEscola de Biblioteconomia da UFMG.$d1996- 210 3 $aBelo Horizonte $cEscola de Ciência da Informação da UFMG 215 $a1 online resource 300 $aRefereed/Peer-reviewed 311 08$a1413-9936 531 $aPERSPECT CIENC INF 531 0 $aPerspect. Ciênc. Inf. 606 $aInformation science$zBrazil$vPeriodicals 606 $aInformation science$vPeriodicals 606 $aLibrary science$zBrazil$vPeriodicals 606 $aLibrary science$vPeriodicals 606 $aInformation science$2fast$3(OCoLC)fst00972640 606 $aLibrary science$2fast$3(OCoLC)fst00997916 607 $aBrazil$2fast$1https://id.oclc.org/worldcat/entity/E39QbtfRB9KGtqfkFTFbfB77QY 608 $aPeriodicals.$2fast 615 0$aInformation science 615 0$aInformation science 615 0$aLibrary science 615 0$aLibrary science 615 7$aInformation science. 615 7$aLibrary science. 676 $a020/.5 712 02$aUniversidade Federal de Minas Gerais.$bEscola de Biblioteconomia, 712 02$aUniversidade Federal de Minas Gerais.$bEscola de Ciência da Informação, 906 $aJOURNAL 912 $a9910146968603321 920 $aexl_impl conversion 996 $aPerspectivas em ciência da informação$92266955 997 $aUNINA LEADER 04375nam 22007455 450 001 9910366591503321 005 20251223161421.0 010 $a3-030-18963-5 024 7 $a10.1007/978-3-030-18963-1 035 $a(CKB)4100000008878287 035 $a(MiAaPQ)EBC5847884 035 $a(DE-He213)978-3-030-18963-1 035 $a(PPN)253862752 035 $a(EXLCZ)994100000008878287 100 $a20190806d2020 u| 0 101 0 $aeng 135 $aurcnu|||||||| 181 $ctxt$2rdacontent 182 $cc$2rdamedia 183 $acr$2rdacarrier 200 10$aNonlinear Approaches in Engineering Applications $eAutomotive Applications of Engineering Problems /$fedited by Reza N. Jazar, Liming Dai 205 $a1st ed. 2020. 210 1$aCham :$cSpringer International Publishing :$cImprint: Springer,$d2020. 215 $a1 online resource (xxxvi, 458 pages) $cillustrations 311 08$a3-030-18962-7 327 $aChapter1: Vehicles Are Lazy: On Predicting Vehicle Transient Dynamics by Steady-State Responses -- Chapter2: Artificial Intelligence and Internet of Things for Autonomous Vehicles -- Chapter3: Nonlinear Drilling Dynamics with Considerations of Stochastic Friction and Axial and Tangential Coupling -- Chapter4: Nonlinear Modeling Application to Micro/NanoRobotics -- Chapter5: Nonlinear pattern of sea levels ? case study of North America -- Chapter6: Illustrated Guidelines for Modelling and Dynamic Simulation of Linear and Non-Linear Deterministic Engineering Systems -- Chapter7: On the Description of Large Deformation in Curvilinear Coordinate Systems: Application to Thick-walled Cylinders -- Chapter8: Big Data Modelling Approaches for Engineering Applications -- Chapter9: Genetic Programming Approaches in Design and Optimization of Mechanical Engineering Applications -- Chapter10: Optimization of Dynamic Response of Cantilever Beam byGenetic Algorithm. 330 $aThis book focuses on the latest applications of nonlinear approaches in engineering and addresses a range of scientific problems. Examples focus on issues in automotive technology, including automotive dynamics, control for electric and hybrid vehicles, and autodriver algorithm for autonomous vehicles. Also included are discussions on renewable energy plants, data modeling, driver-aid methods, and low-frequency vibration. Chapters are based on invited contributions from world-class experts who advance the future of engineering by discussing the development of more optimal, accurate, efficient, cost, and energy effective systems. This book is appropriate for researchers, students, and practising engineers who are interested in the applications of nonlinear approaches to solving engineering and science problems. Presents a broad range of practical topics and approaches; Explains approaches to better, safer, and cheaper systems; Emphasises automotive applications, physical meaning, and methodologies. 606 $aAutomotive engineering 606 $aDynamics 606 $aNonlinear theories 606 $aMultibody systems 606 $aVibration 606 $aMechanics, Applied 606 $aAutomatic control 606 $aSystem theory 606 $aNonlinear optics 606 $aAutomotive Engineering 606 $aApplied Dynamical Systems 606 $aMultibody Systems and Mechanical Vibrations 606 $aControl and Systems Theory 606 $aComplex Systems 606 $aNonlinear Optics 615 0$aAutomotive engineering. 615 0$aDynamics. 615 0$aNonlinear theories. 615 0$aMultibody systems. 615 0$aVibration. 615 0$aMechanics, Applied. 615 0$aAutomatic control. 615 0$aSystem theory. 615 0$aNonlinear optics. 615 14$aAutomotive Engineering. 615 24$aApplied Dynamical Systems. 615 24$aMultibody Systems and Mechanical Vibrations. 615 24$aControl and Systems Theory. 615 24$aComplex Systems. 615 24$aNonlinear Optics. 676 $a629.231 676 $a620.001515252 702 $aJazar$b Reza N.$4edt$4http://id.loc.gov/vocabulary/relators/edt 702 $aDai$b Liming$4edt$4http://id.loc.gov/vocabulary/relators/edt 906 $aBOOK 912 $a9910366591503321 996 $aNonlinear Approaches in Engineering Applications$91465867 997 $aUNINA